000 00495nam a2200169Ia 4500
008 231217s9999 xx 000 0 und d
041 _aEnglish
082 _a540.02462 VIJ;1 R
100 _aVijayasarathy. P R. Krupakara, P V.
245 0 _aEngineering chemistry : for I/II sem BE students
250 _a1st ed.
260 _c2006
_bSudha Publications
_aBangalore
300 _a202
400 _aSudha's student friendly text book series
650 _achemistry,I/II,BE
942 _cAA
999 _c196510
_d196510